| 000 | 01106nam a22002057a 4500 | ||
|---|---|---|---|
| 003 | OSt | ||
| 005 | 20211108115155.0 | ||
| 008 | 190801b xxu||||| |||| 00| 0 eng d | ||
| 020 | _a1416001697 | ||
| 040 | _cLC | ||
| 050 | _aRJ486.F46 | ||
| 100 | _aFenichel Gerald M. | ||
| 245 |
_aClinical pediatric neurology: a signs and symptoms approach. _cGerald M. Fenichel. |
||
| 250 | _a5TH. ed. | ||
| 260 |
_aPhiladelphia, PA: _bElsevier Saunders , _c2005. |
||
| 300 |
_a1 vol. _bill and diagrams; _c26 cm. |
||
| 500 | _aIndex index. | ||
| 505 | _aContents :Paroxysmal disorders -- Altered states of consciousness -- Headache -- Increased intracranial pressure -- Psychomotor retardation and regression -- The hypotonic infant -- Flaccid limb weakness in childhood -- Cramps,muscle stiffness,and exercise intolerance -- Disturbance of sensation -- Ataxia -- Hemiplegia -- paraplegia and quadriplegia -- Monoplegia -- Movement disorders -- disorders of the visual motility -- Disorders of the visual system -- Lower brainstem and cranial dysfunction -- Disorders of cranial volume and shape. | ||
| 942 |
_2lcc _cBK |
||
| 999 |
_c7947 _d15447 |
||